[Event "Subotica-ch"]
[Site "Subotica"]
[Date "2013.05.29"]
[Round "8"]
[White "Belic, Aleksandar"]
[Black "Jancikin, Svetozar"]
[Result "0-1"]
[WhiteElo "1760"]
[BlackElo "2059"]
[PlyCount "52"]
[EventDate "2013.05.13"]
[EventType "swiss"]
[EventRounds "9"]
[EventCountry "SRB"]
[SourceTitle "CBM 154 Extra"]
[Source "ChessBase"]
[SourceDate "2013.06.25"]
[SourceVersion "2"]
[SourceVersionDate "2013.06.25"]
[SourceQuality "1"]

1. e4 e5 2. Nf3 Nc6 3. Bb5 f5 4. d3 Nf6 5. 0-0 Bc5 6. c3 fxe4 7. dxe4 d6 8. Nbd2 a6 9. Ba4 Bd7 10. Bb3 Qe7 11. h3 0-0-0 12. Qe2 h6 13. Bc4 Nh5 14. Nb3 Bb6 15. Be3 Kb8 16. Bxb6 cxb6 17. Qd2 Nf4 18. Rad1 b5 19. Be2 g5 20. Nc1 g4 21. Ne1 Be6 22. Bxg4 Bxg4 23. hxg4 h5 24. gxh5 Qh4 25. f3 Rxh5 26. Ncd3 Rg8 0-1

[Event "Subotica-ch"]
[Site "Subotica"]
[Date "2013.05.15"]
[Round "2"]
[White "Vadoc, Karolj"]
[Black "Belic, Aleksandar"]
[Result "1/2-1/2"]
[WhiteElo "1967"]
[BlackElo "1760"]
[PlyCount "70"]
[EventDate "2013.05.13"]
[EventType "swiss"]
[EventRounds "9"]
[EventCountry "SRB"]
[SourceTitle "CBM 154 Extra"]
[Source "ChessBase"]
[SourceDate "2013.06.25"]
[SourceVersion "2"]
[SourceVersionDate "2013.06.25"]
[SourceQuality "1"]

1. d4 d5 2. c4 c6 3. Nf3 Nf6 4. e3 e6 5. Nc3 Nbd7 6. b3 Bd6 7. Bd3 0-0 8. 0-0 Re8 9. cxd5 exd5 10. Bb2 Nf8 11. h3 Ng6 12. Qc2 Be6 13. Ng5 Bd7 14. Rae1 Qc7 15. f4 Rxe3 16. Rxe3 Bxf4 17. Ref3 Bxg5 18. Bc1 Bxc1 19. Qxc1 Qb6 20. Ne2 Ne5 21. Re3 Nxd3 22. Rxd3 Re8 23. Ng3 Ne4 24. Qd1 Nxg3 25. Rxg3 Re4 26. Rd3 Qb4 27. Qd2 Qe7 28. Qf2 Re2 29. Qf4 Qe8 30. Rdf3 Re7 31. a4 h6 32. Qd2 a6 33. a5 Re2 34. Qf4 Re7 35. Qd6 Be6 1/2-1/2

[Event "Subotica Autumn op"]
[Site "Subotica"]
[Date "2012.12.21"]
[Round "7"]
[White "Vecseri, Julius"]
[Black "Belic, Aleksandar"]
[Result "1-0"]
[WhiteElo "2039"]
[BlackElo "1770"]
[PlyCount "47"]
[EventDate "2012.12.14"]
[EventType "swiss"]
[EventRounds "9"]
[EventCountry "SRB"]
[SourceTitle "EXT 2014"]
[Source "ChessBase"]
[SourceDate "2013.11.20"]
[SourceVersion "1"]
[SourceVersionDate "2013.11.20"]
[SourceQuality "1"]

1. d4 d5 2. Nf3 Nf6 3. e3 e6 4. Nbd2 Nbd7 5. c4 c6 6. Qc2 Bd6 7. Bd3 dxc4 8. Nxc4 Bc7 9. 0-0 0-0 10. Rd1 h6 11. e4 Re8 12. e5 Nd5 13. a3 b5 14. Ne3 Nxe3 15. Bxe3 Bb7 16. Be4 Rc8 17. Qd2 Nb6 18. Bxh6 f5 19. exf6 Qxf6 20. Bg5 Qf7 21. Qd3 Rf8 22. Bg6 Qd7 23. Qe4 c5 24. Qh4 1-0

[Event "Subotica Autumn op"]
[Site "Subotica"]
[Date "2012.12.20"]
[Round "6"]
[White "Lanji, Stevan"]
[Black "Belic, Aleksandar"]
[Result "0-1"]
[WhiteElo "1657"]
[BlackElo "1770"]
[PlyCount "46"]
[EventDate "2012.12.14"]
[EventType "swiss"]
[EventRounds "9"]
[EventCountry "SRB"]
[SourceTitle "EXT 2014"]
[Source "ChessBase"]
[SourceDate "2013.11.20"]
[SourceVersion "1"]
[SourceVersionDate "2013.11.20"]
[SourceQuality "1"]

1. c4 c6 2. d4 d5 3. e3 e6 4. Nf3 Nd7 5. Be2 Ngf6 6. 0-0 Bd6 7. c5 Bc7 8. h3 0-0 9. b4 e5 10. Bb2 e4 11. Nh2 Re8 12. Qd2 Nf8 13. f3 exf3 14. Bxf3 Ng6 15. Nc3 Nh4 16. Rae1 Nf5 17. Bc1 Bg3 18. Re2 Qc7 19. Ng4 Nxg4 20. Rff2 Bxf2+ 21. Rxf2 Qh2+ 22. Kf1 Ng3+ 23. Ke1 Qg1+ 0-1